ბათუმის შოთა რუსთაველის სახელმწიფო უნივერსიტეტის ბიბლიოთეკა

Rural Tourism and Sustainable Business / (ბიბ.ჩანაწერი № 45361)

000 -LEADER
fixed length control field 00889nam a2200241Ia 4500
001 - CONTROL NUMBER
control field 12185
003 - CONTROL NUMBER IDENTIFIER
control field GE_BSU
005 - DATE AND TIME OF LATEST TRANSACTION
control field 20221118145209.0
008 - FIXED-LENGTH DATA ELEMENTS--GENERAL INFORMATION
fixed length control field 181216s2005en xx |||||||||||||| ||eng||
020 ## - INTERNATIONAL STANDARD BOOK NUMBER
International Standard Book Number 1845410114x
040 ## - CATALOGING SOURCE
Transcribing agency GE_BSU
041 ## - LANGUAGE CODE
Language code of text/sound track or separate title eng
080 ## - UNIVERSAL DECIMAL CLASSIFICATION NUMBER
Universal Decimal Classification number 338.48 R-88
245 ## - TITLE STATEMENT
Title Rural Tourism and Sustainable Business /
Statement of responsibility, etc. Edited by : Derek Hall,Irene Kirpatrick, and Morag mitchell.
264 ## - PRODUCTION, PUBLICATION, DISTRIBUTION, MANUFACTURE, AND COPYRIGHT NOTICE
Place of production, publication, distribution, manufacture Clevedon :
Name of producer, publisher, distributor, manufacturer Channel View Publigations,
Date of production, publication, distribution, manufacture, or copyright notice 2005.
300 ## - PHYSICAL DESCRIPTION
Extent 370 p.:
Other physical details ill.
Dimensions 23 cm.
653 ## - INDEX TERM--UNCONTROLLED
keyword Rural Tourism and Sustainable Business.
653 ## - INDEX TERM--UNCONTROLLED
keyword სოფლის ტურიზმი და მდგრადი ბიზნესი.
700 ## - ADDED ENTRY--PERSONAL NAME
Personal name Hall, Derek
Relator term რედაქტორი
9 (RLIN) 15914
700 ## - ADDED ENTRY--PERSONAL NAME
Personal name Kirpatrick, Irene
Relator term რედაქტორი
9 (RLIN) 15915
700 ## - ADDED ENTRY--PERSONAL NAME
Personal name mitchell, Morag
Relator term რედაქტორი
9 (RLIN) 15916
942 ## - ADDED ENTRY ELEMENTS (KOHA)
Koha item type წიგნი
Source of classification or shelving scheme
ეგზემპლარები
Withdrawn status Lost status Source of classification or shelving scheme Damaged status Not for loan Permanent Location Current Location Shelving location Date acquired Cost, normal purchase price Full call number Barcode Date last seen Copy number Price effective from Koha item type Public note
          ბათუმის შოთა რუსთაველის სახელმწიფო უნივერსიტეტის მთავარი ბიბლიოთეკა ბათუმის შოთა რუსთაველის სახელმწიფო უნივერსიტეტის მთავარი ბიბლიოთეკა წიგნსაცავი 2018-12-17 123.00 338.48 R-88 36013 2018-12-17 36013 2018-12-17 წიგნი 123ლ.